000 00652nam a2200253 a 4500
001 13086
003 BD-JhCC
005 20230624110125.0
008 230624s2022 uk |||| |||| 000 0 eng d
020 _a9781787633759
035 _a(BD-JhCC)13086
040 _aBD-JhCC
_dBD-JhCC
041 _aeng
082 _a813.54
_bCHI 2022
100 _aChild, Lee
245 _aNo plan B /
_cLee Child and Andrew Child
260 _aLondon :
_bBantam,
_c2022
300 _a372 p. :
_c23 cm.
490 _aA Jack Reacher Thriller
650 _aReacher, Jack (Fictitious character)
650 _aThriller
700 _aChild, Andrew
942 _2ddc
_cBK
999 _c13086
_d13086